<?xml version="1.0" encoding="UTF-8"?>
<record
    xmlns:xsi="http://www.w3.org/2001/XMLSchema-instance"
    xsi:schemaLocation="http://www.loc.gov/MARC21/slim http://www.loc.gov/standards/marcxml/schema/MARC21slim.xsd"
    xmlns="http://www.loc.gov/MARC21/slim">

  <leader>01888nam a2200421 i 4500</leader>
  <controlfield tag="001">47410</controlfield>
  <controlfield tag="003">ES-MaACL</controlfield>
  <controlfield tag="005">20260316180541.0</controlfield>
  <controlfield tag="007">t|</controlfield>
  <controlfield tag="008">030414s1873    sp           ||||1| spa d</controlfield>
  <datafield tag="080" ind1=" " ind2=" ">
    <subfield code="a">821.112.2-14"18"(082.2)</subfield>
  </datafield>
  <datafield tag="245" ind1="0" ind2="0">
    <subfield code="a">Poes&#xED;as l&#xED;ricas alemanas de Heine, Uhland, Zedlitz, R&#xFC;ckert, Hoffmann, Platen, Hartmann y otros autores / </subfield>
    <subfield code="c">vertidas en castellano por Jaime Clark.</subfield>
  </datafield>
  <datafield tag="260" ind1=" " ind2=" ">
    <subfield code="a">Madrid : </subfield>
    <subfield code="b">[s.n.], </subfield>
    <subfield code="c">1873 (</subfield>
    <subfield code="f">M. Rivadeneyra)</subfield>
  </datafield>
  <datafield tag="300" ind1=" " ind2=" ">
    <subfield code="a">187 p. ; </subfield>
    <subfield code="c">15 cm.</subfield>
  </datafield>
  <datafield tag="490" ind1="1" ind2=" ">
    <subfield code="a">Biblioteca universal: colecci&#xF3;n de los mejores autores antiguos y modernos, nacionales y extranjeros ; </subfield>
    <subfield code="v">6</subfield>
  </datafield>
  <datafield tag="505" ind1="8" ind2=" ">
    <subfield code="a">Contiene poes&#xED;as de: Carlos Beck, Mar&#xED;a Foerster, Julio de Rodemberg, J. G. Fischer, Jorge Herwegh, Nicol&#xE1;s Lenan, Wilhelm von Humboldt, Julio Sturm, Feodor Loewe, Julio Mosen, Mauricio Hartmann, Augusto de Platen, Hoffmann, Federico Ruckert, Enrique Heine, Ludwig Uhland</subfield>
  </datafield>
  <datafield tag="650" ind1=" " ind2="4">
    <subfield code="a">Poes&#xED;as alemanas</subfield>
    <subfield code="9">16202</subfield>
  </datafield>
  <datafield tag="700" ind1="1" ind2=" ">
    <subfield code="a">Beck, Carlos.</subfield>
    <subfield code="9">26919</subfield>
  </datafield>
  <datafield tag="700" ind1="1" ind2=" ">
    <subfield code="a">Foerster, Mar&#xED;a.</subfield>
    <subfield code="9">51402</subfield>
  </datafield>
  <datafield tag="700" ind1="1" ind2=" ">
    <subfield code="a">Rodemberg, Julio de.</subfield>
    <subfield code="9">98111</subfield>
  </datafield>
  <datafield tag="700" ind1="1" ind2=" ">
    <subfield code="a">Fischer, J. G.</subfield>
    <subfield code="9">50999</subfield>
  </datafield>
  <datafield tag="700" ind1="1" ind2=" ">
    <subfield code="a">Herwegh, Georg.</subfield>
    <subfield code="9">63434</subfield>
  </datafield>
  <datafield tag="700" ind1="1" ind2=" ">
    <subfield code="a">Lenan, Nicol&#xE1;s.</subfield>
    <subfield code="9">71508</subfield>
  </datafield>
  <datafield tag="700" ind1="1" ind2=" ">
    <subfield code="a">Humboldt, Wilhelm von.</subfield>
    <subfield code="9">64716</subfield>
  </datafield>
  <datafield tag="700" ind1="1" ind2=" ">
    <subfield code="a">Sturm, Julius.</subfield>
    <subfield code="9">108516</subfield>
  </datafield>
  <datafield tag="700" ind1="1" ind2=" ">
    <subfield code="a">Loewe, Feodor.</subfield>
    <subfield code="9">73107</subfield>
  </datafield>
  <datafield tag="700" ind1="1" ind2=" ">
    <subfield code="a">Mosen, Julius.</subfield>
    <subfield code="9">83762</subfield>
  </datafield>
  <datafield tag="700" ind1="1" ind2=" ">
    <subfield code="a">Hartmann, Moritz.</subfield>
    <subfield code="9">61992</subfield>
  </datafield>
  <datafield tag="700" ind1="1" ind2=" ">
    <subfield code="a">Platen, August </subfield>
    <subfield code="c">, Graf von.</subfield>
    <subfield code="9">92594</subfield>
  </datafield>
  <datafield tag="700" ind1="1" ind2=" ">
    <subfield code="a">Hoffmann, Ernst T. A.</subfield>
    <subfield code="d">1776-1822</subfield>
    <subfield code="9">242917</subfield>
  </datafield>
  <datafield tag="700" ind1="1" ind2=" ">
    <subfield code="a">Ruckert, Friedrich.</subfield>
    <subfield code="9">201063</subfield>
  </datafield>
  <datafield tag="700" ind1="1" ind2=" ">
    <subfield code="a">Heine, Heinrich.</subfield>
    <subfield code="9">62371</subfield>
  </datafield>
  <datafield tag="700" ind1="1" ind2=" ">
    <subfield code="a">Uhland, Johann Ludwig, </subfield>
    <subfield code="d">1787-1862</subfield>
    <subfield code="9">111908</subfield>
  </datafield>
  <datafield tag="700" ind1="1" ind2=" ">
    <subfield code="a">Clark, Jaime.</subfield>
    <subfield code="9">39036</subfield>
  </datafield>
  <datafield tag="830" ind1="1" ind2="0">
    <subfield code="a">Biblioteca universal. </subfield>
    <subfield code="p">Colecci&#xF3;n de los mejores autores antiguos y modernos, nacionales y extranjeros</subfield>
    <subfield code="v">6</subfield>
    <subfield code="9">188447</subfield>
  </datafield>
  <datafield tag="852" ind1="4" ind2=" ">
    <subfield code="a">ES-MaACL</subfield>
    <subfield code="j">T-200-F-3</subfield>
  </datafield>
  <datafield tag="999" ind1=" " ind2=" ">
    <subfield code="c">47410</subfield>
    <subfield code="d">47410</subfield>
  </datafield>
  <datafield tag="952" ind1=" " ind2=" ">
    <subfield code="0">0</subfield>
    <subfield code="1">0</subfield>
    <subfield code="4">0</subfield>
    <subfield code="7">0</subfield>
    <subfield code="8">Colecci&#xF3;n_de_folletos</subfield>
    <subfield code="a">ATENEOM</subfield>
    <subfield code="b">ATENEOM</subfield>
    <subfield code="c">DEPOF</subfield>
    <subfield code="d">2008-01-17</subfield>
    <subfield code="e">SC</subfield>
    <subfield code="l">0</subfield>
    <subfield code="o">T-200-F-3</subfield>
    <subfield code="p">1049875</subfield>
    <subfield code="r">2023-02-23 00:00:00</subfield>
    <subfield code="w">2023-02-23</subfield>
    <subfield code="y">FOLLETOS</subfield>
  </datafield>
</record>
